00959cam a22002771 4500001001300000003000400013005001700017008004100034010001700075025001900092035001900111040002300130042001200153050002100165100004200186245010000228260006400328300003100392440002800423440002700451500008400478504003100562610004600593700002500639999001700664sa 65000390 DLC20260227112102.0810818s1961 ii a b 000 0 tib  asa 65000390  aPL480:I-Tib-12 a(OCoLC)7677148 aDLCcNICdOCldDLC apremarc00aBL1478.5.S3bD390 adBaṅ pʻyug rghal-po,dactive 1854.14aThe Samye monastery.cTibetan text edited by Lokesh Chandra, with a foreword by Giuseppe Tucci. aNew Delhi,bInternational Academy of Indian Culture,c1961. a14, 314 p.billus.c29 cm. 0aŚatapiṭaka,vv. 14. 0aBhoṭapiṭaka,vv. 6 a"A reproduction of a historic guide to the earliest monastic complex of Tibet." aBibliographical footnotes.20aSamye (Monastery : Cha-nang hsien, China)0 aLokesh Chandra,eed. c61530d61530